LEADER 00791nam a2200181 i 4500 001 000000054340 003 CaOOAMICUS 005 19970515000000.0 008 970515n it u000 u ita u 013 $a25512 040 $aSeMil$bita 100 1 $aD'Ostilio, Francesco,$c.$0(OLS)http://semarc/name/27025 245 13$aLa responsabilitą per atto illecito della pubblica amministrazione nel diritto canonico. 650 4$aDiritto canonico - Studi.$0(OLS)http://semarc/subject/1680 650 4$aTesi di laurea.$0(OLS)http://semarc/subject/1690 850 $aSeMil 852 $aSeMil$W1$xVenegono$y1$m2I I 441$j20494$B20494$CSeMilBibl$Z2$F20496 $81 996 $6245$aLa responsabilitą per atto illecito della pubblica amministrazione nel diritto canonico$9(OLS)http://semarc/title/84099 LEADER 01374nam a2200301 i 4500 001 000000112455 003 CaOOAMICUS 005 20030218000000.0 008 030218s2003 it u000 u ita u 013 $a85139 020 $a88-7105-151-3 040 $aSeMil$bita 100 0 $aLeonardo : da Porto Maurizio,$c.$0(OLS)http://semarc/name/8562 245 13$aLa Via Crucis di San Leonardo da Porto Maurizio /$cCesare Vaiani. 260 $aMilano :$bGlossa,$c2003. 300 $aVII, 257 p. ;$c20 cm. 490 0 $aSapientia ;$v10 500 $aIn testa al front. : Centro studi di spiritualitą. - Con un profilo biografico di San Leonardo da Porto Maurizio. 600 04$aLeonardo : da Porto Maurizio .$0(OLS)http://semarc/subject/4492 650 4$aVia Crucis.$0(OLS)http://semarc/subject/6981 700 1 $aVaiani, Cesare,$c.$0(OLS)http://semarc/name/36795 830 0$aSapientia ;$v10.$0(OLS)http://semarc/title/625 850 $aSeMil 852 $aSeMil$W1$xVenegono$y1$m2KA O 10$j229358$B68208$CSeMilBibl$Z2$F74149 $81 961 $aOmaggio: Como don Giuseppe 996 $6020$a88-7105-151-3$9(OLS)http://semarc/number/95041 996 $6245$aLa Via Crucis di San Leonardo da Porto Maurizio$9(OLS)http://semarc/title/163956 996 $6260$aMilano :$bGlossa$9(OLS)http://semarc/publisher/29635